000 00469nam a2200181Ia 4500
005 20250326141737.0
008 250326s9999 xx 000 0 und d
037 _aTextbook
040 _aFMSL
_beng
_cFMSL
041 _aeng
_2eng
084 _qFMSL
100 _aGemmell Norman
245 0 _aSurvey in development economics
_cGemmell Norman
260 _aOxford
_bOxford, Basil Blackwell
_c1987
300 _a390p
942 _cTB
999 _c1291759
_d1291759